| 000 | 02844nam a2200445 i 4500 | ||
|---|---|---|---|
| 001 | 193235 | ||
| 003 | SpMaBN | ||
| 005 | 20250709234541.0 | ||
| 007 | ta | ||
| 008 | 221020s2022 sp a | |||| 000 0dspa | ||
| 017 |
_aCO 1374-2022 _bOficina Depósito Legal Córdoba |
||
| 020 | _a9788411312615 | ||
| 035 | _aa7178233 | ||
| 040 |
_aSpMaBN _bspa _cSpMaBN _erda |
||
| 080 | _a929 Aníbal | ||
| 080 | _a904(460) | ||
| 080 | _a94(460)".../-0218" | ||
| 100 | 1 |
_aGonzalo Aizpiri, Arturo, _d1963- _eaut _9234343 |
|
| 245 | 1 | 0 |
_aTras las huellas de Aníbal / _cArturo Gonzalo Aizpiri |
| 250 | _aPrimera edición: septiembre de 2022 | ||
| 264 | 1 |
_aCórdoba : _bAlmuzara, _c2022 |
|
| 300 |
_a222 páginas : _bilustraciones (blanco y negro) ; _c22 cm |
||
| 336 |
_aTexto _aImagen fija _2rdacontent |
||
| 337 |
_asin mediación _2rdamedia |
||
| 338 |
_avolumen _2rdacarrier |
||
| 500 | _aÍndice | ||
| 500 | _aGlosario | ||
| 504 | _aReferencias bibliográficas | ||
| 530 | _3Su nombre parece condenado. Su rostro apenas se adivina en las vitrinas de un museo. Una nebulosa de olvido envuelve hoy la figura de Aníbal Barca en la otrora Hispania, como parte casi accidental de su postergada historia antigua. ¿Por qué tal destino para el hombre que osó desafiar a Roma desde nuestra tierra? Desde que pusiera pie en Gadir acompañando a su padre, en 237 a. e. c., hasta su partida, al frente de su ejército, en 218 a. e. c., transcurrieron casi dos décadas. Sin embargo, la atención dedicada a este periodo en la vida de Aníbal es insólitamente escasa. De todo este tiempo han debido quedar huellas, unas muchas enterradas y otras resistiendo inclemencias y desprecios. Sí: en Cádiz, en Cartagena, en el Tajo o en Sagunto, entre otros lugares, resuenan aún los ecos de sus sueños y batallas, al menos en el oído de quienes quieren oírlos, impelidos a recorrer los pasos de aquellos que los precedieron y acaso como respuesta a un profundo anhelo de permanencia. Es esta la historia ilustrada de un emocionante viaje cuyas conclusiones reivindican su dimensión hispánica y desagravian a uno de los personajes más fascinantes de la Antigüedad. | ||
| 600 | 0 | 4 |
_aAníbal, _d247-182 a.C. _9165256 |
| 651 | 4 |
_aEspaña- _xRestos arqueológicos _98485 |
|
| 651 | 7 |
_aEspaña- _xHistoria- _yHasta 218 a.C., Época prerromana _9162090 |
|
| 852 |
_aES-MaACL _bR. 154634 _cDEPOJ _9200658 _xEncuadernación rústica con solapas _hDonación: Gonzalo Aizpiri _jN-9403 |
||
| 903 |
_aGonzalo Aizpiri, Arturo, _d1963- _ednr _9234343 |
||
| 942 |
_n0 _cMONOGRAFIA |
||
| 999 |
_c193235 _d193235 |
||